[Event "3th Serbian Open 2023"]
[Site "Hotel Metropol, Serbia"]
[Date "2023.07.20"]
[Round "5.1"]
[White "Avila Pavas, Santiago"]
[Black "Sadhwani, Raunak"]
[Result "0-1"]
[WhiteElo "2499"]
[BlackElo "2608"]
[PlyCount "84"]
[EventDate "2023.??.??"]

1. e4 c5 2. Nf3 Nc6 3. d4 cxd4 4. Nxd4 e6 5. Nc3 a6 6. Be3 Nf6 7. a3 Qc7 8. f4 d6 9. Qf3 e5 10. Nb3 exf4 11. Qxf4 Be7 12. Be2 Be6 13. Nc5 O-O 14. Qg3 Ne5 15. Nxe6 fxe6 16. Qh3 Qc8 17. O-O-O b5 18. g4 Rb8 19. g5 Ne8 20. Rhf1 Nc7 21. Rxf8+ Qxf8 22. Qg3 a5 23. Bf4 Nf7 24. h4 g6 25. Nb1 Qe8 26. Qc3 Qc8 27. Qxa5 b4 28. axb4 Ra8 29. Qb6 Rb8 30. Qa7 Rxb4 31. Nc3 Bf8 32. Bg3 Rb7 33. Qa2 Qb8 34. Rd4 h6 35. h5 Bg7 36. e5 d5 37. hxg6 Nxe5 38. gxh6 Bxh6+ 39. Bf4 Ra7 40. Qb1 Bxf4+ 41. Rxf4 Qa8 42. Rb4 Nc6 0-1

[Event "3th Serbian Open 2023"]
[Site "Hotel Metropol, Serbia"]
[Date "2023.07.20"]
[Round "5.2"]
[White "Henriquez Villagra, Cristobal"]
[Black "Ajay, Karthikeyan"]
[Result "1-0"]
[WhiteElo "2618"]
[BlackElo "2441"]
[PlyCount "65"]
[EventDate "2023.??.??"]

1. Nf3 Nf6 2. d4 g6 3. Bf4 Bg7 4. e3 O-O 5. Be2 d6 6. h3 c5 7. O-O Nd5 8. Bg3 cxd4 9. exd4 Nc6 10. c4 Nf6 11. Nc3 Bf5 12. d5 Nb4 13. Nd4 Bd7 14. Qd2 a5 15. Bf4 a4 16. Rad1 Re8 17. Be3 Na6 18. f4 Rc8 19. f5 Nc5 20. Qc2 Rf8 21. g4 Be8 22. Rf2 Nfd7 23. Rdf1 Ne5 24. g5 Bd7 25. h4 Qa5 26. h5 Qb4 27. a3 Qb6 28. hxg6 hxg6 29. f6 Bh8 30. fxe7 Rfe8 31. Rxf7 Nb3 32. Rf8+ Kh7 33. R1f7+ 1-0

[Event "3th Serbian Open 2023"]
[Site "Hotel Metropol, Serbia"]
[Date "2023.07.20"]
[Round "5.3"]
[White "Parkhov, Yair"]
[Black "Bryakin, Mikhail"]
[Result "1/2-1/2"]
[WhiteElo "2484"]
[BlackElo "2454"]
[PlyCount "45"]
[EventDate "2023.??.??"]

1. c4 c6 2. Nf3 d5 3. d4 Nf6 4. e3 Bf5 5. Nc3 e6 6. Nh4 Be4 7. f3 Bg6 8. Qb3 Qb6 9. Nxg6 hxg6 10. Bd2 Nbd7 11. Be2 Qxb3 12. axb3 a6 13. O-O Bd6 14. g3 O-O 15. Rfd1 Rfe8 16. Be1 Rad8 17. Bf2 Bf8 18. Bf1 g5 19. g4 Bd6 20. h4 Nh7 21. hxg5 Nxg5 22. Bg2 Nh7 23. Bf1 1/2-1/2

[Event "3th Serbian Open 2023"]
[Site "Hotel Metropol, Serbia"]
[Date "2023.07.20"]
[Round "5.4"]
[White "Mitsis, Georgios"]
[Black "Doraszelski, Alexander"]
[Result "1/2-1/2"]
[WhiteElo "2412"]
[BlackElo "2071"]
[PlyCount "90"]
[EventDate "2023.??.??"]

1. d4 d5 2. Nf3 c5 3. c4 dxc4 4. e3 e6 5. Bxc4 Nf6 6. O-O a6 7. Be2 Nc6 8. dxc5 Bxc5 9. Qxd8+ Kxd8 10. Nc3 Ke7 11. b3 Rd8 12. Bb2 Bd7 13. Rac1 Bd6 14. Na4 Nb4 15. Nb6 Rab8 16. Nc4 Bc5 17. a3 Nc6 18. Rfd1 Be8 19. Ncd2 Ba7 20. a4 Kf8 21. Ba3+ Kg8 22. Nc4 Rxd1+ 23. Bxd1 Nd5 24. Kf1 f6 25. Nd6 Bd7 26. Be2 Bb6 27. Bc4 Na5 28. g3 Nxc4 29. Nxc4 Bd8 30. e4 Nb6 31. Nd6 e5 32. Nd2 Be6 33. Ke2 Nc8 34. Nxc8 Rxc8 35. Rxc8 Bxc8 36. Bd6 Be6 37. Kd3 Bb6 38. f4 exf4 39. gxf4 Bg1 40. Nf3 Ba7 41. Kc3 Kf7 42. f5 Bd7 43. Nd4 g6 44. fxg6+ hxg6 45. Kd3 Bxd4 1/2-1/2

[Event "3th Serbian Open 2023"]
[Site "Hotel Metropol, Serbia"]
[Date "2023.07.20"]
[Round "5.5"]
[White "Chigaev, Maksim"]
[Black "Manafov, Vugar"]
[Result "1/2-1/2"]
[WhiteElo "2621"]
[BlackElo "2385"]
[PlyCount "161"]
[EventDate "2023.??.??"]

1. Nf3 Nf6 2. c4 e6 3. Nc3 d5 4. e3 c6 5. b3 Bd6 6. Bb2 b6 7. Qc2 O-O 8. Be2 Bb7 9. Rg1 Na6 10. a3 Qe7 11. g4 Nc7 12. g5 Nd7 13. h4 e5 14. h5 f5 15. gxf6 Rxf6 16. b4 a6 17. Ng5 Rh6 18. Qb3 a5 19. Nce4 axb4 20. Nxd6 Rxd6 21. axb4 Rxa1+ 22. Bxa1 h6 23. cxd5 cxd5 24. Ne4 Rc6 25. Bb2 Qf7 26. Ng3 Ne6 27. Qd3 e4 28. Qa3 Ng5 29. Bc3 Kh7 30. Qb2 Bc8 31. Qb1 Kg8 32. Qa1 Kh7 33. Rh1 Nf8 34. Qa8 Rc7 35. Rh4 Bb7 36. Qb8 Nfe6 37. Bg4 Nf3+ 38. Kd1 Rc8 39. Qd6 Nxh4 40. Bxe6 Rc6 41. Bxf7 Rxd6 42. b5 Bc8 43. Kc2 Rd7 44. Be8 Rc7 45. Kb3 Bd7 46. Be5 Ra7 47. Bf7 Ra5 48. Bxd5 Rxb5+ 49. Kc4 Rc5+ 50. Kd4 Nf3+ 51. Kxe4 Nxd2+ 52. Kd4 Bc6 53. Bxc6 Rxc6 54. f4 Nf3+ 55. Kd5 Nxe5 56. fxe5 Rc3 57. Kd4 Rc1 58. e6 Kg8 59. Nf5 Rc5 60. e4 Kf8 61. e5 Rc1 62. Kd5 b5 63. e7+ Kf7 64. e6+ Ke8 65. Nxg7+ Kxe7 66. Nf5+ Kf8 67. Kd6 Rd1+ 68. Kc5 Re1 69. Nd4 Ke7 70. Kxb5 Rc1 71. Nf5+ Kxe6 72. Nxh6 Rg1 73. Kc4 Rg5 74. Kd3 Kf6 75. Ke4 Rg1 76. Kf4 Rf1+ 77. Kg4 Ra1 78. Ng8+ Ke6 79. Nh6 Rg1+ 80. Kf4 Rg7 81. Ng4 1/2-1/2

[Event "3th Serbian Open 2023"]
[Site "Hotel Metropol, Serbia"]
[Date "2023.07.20"]
[Round "5.6"]
[White "Raahul, V S"]
[Black "Cheng, Bobby"]
[Result "0-1"]
[WhiteElo "2319"]
[BlackElo "2572"]
[PlyCount "50"]
[EventDate "2023.??.??"]

1. c4 e6 2. Nc3 d5 3. d4 Bb4 4. cxd5 exd5 5. Bf4 Nf6 6. e3 Bf5 7. Bd3 Bxd3 8. Qxd3 c6 9. h3 O-O 10. Nf3 Bd6 11. Bxd6 Qxd6 12. Ne5 Nfd7 13. Nxd7 Nxd7 14. O-O Nf6 15. f3 Qg3 16. Qd2 Rae8 17. Rae1 Qg6 18. Rf2 Re6 19. Qc2 Qg5 20. e4 Nh5 21. Ne2 dxe4 22. fxe4 Qe3 23. e5 Nf4 24. Qc3 Qxc3 25. bxc3 Nd3 0-1

[Event "3th Serbian Open 2023"]
[Site "Hotel Metropol, Serbia"]
[Date "2023.07.20"]
[Round "5.7"]
[White "Sonis, Francesco"]
[Black "Campos Gomez, Manuel"]
[Result "1-0"]
[WhiteElo "2568"]
[BlackElo "2316"]
[PlyCount "91"]
[EventDate "2023.??.??"]

1. e4 e6 2. d4 d5 3. Nc3 Nf6 4. e5 Nfd7 5. f4 c5 6. Nf3 Nc6 7. Be3 a6 8. Qd2 b5 9. dxc5 Bxc5 10. Bd3 Qb6 11. Bf2 Bxf2+ 12. Qxf2 Qxf2+ 13. Kxf2 Nc5 14. Ke3 Bd7 15. Ne2 O-O 16. Ned4 Ne7 17. g4 b4 18. a3 a5 19. Ra2 bxa3 20. b3 Rfb8 21. Rb1 Nc8 22. Rxa3 Nb6 23. Rba1 a4 24. b4 Nxd3 25. cxd3 Kf8 26. Ng1 Nc8 27. Rb1 Rb6 28. Nge2 Rab8 29. Nc2 Na7 30. Nc3 Nb5 31. Nxb5 Bxb5 32. Rc3 R6b7 33. Rc5 Be8 34. Kd4 Ke7 35. Kc3 f6 36. h4 Bd7 37. Nd4 fxe5 38. fxe5 Rf8 39. b5 Rf4 40. Rb4 Ke8 41. Nf5 Rxb4 42. Nd6+ Ke7 43. Kxb4 Ra7 44. b6 Ra8 45. b7 Rb8 46. Ka5 1-0

[Event "3th Serbian Open 2023"]
[Site "Hotel Metropol, Serbia"]
[Date "2023.07.20"]
[Round "5.8"]
[White "Heinemann, Josefine"]
[Black "Petrov, Nikita"]
[Result "0-1"]
[WhiteElo "2297"]
[BlackElo "2559"]
[PlyCount "116"]
[EventDate "2023.??.??"]

1. e4 c5 2. c3 Nf6 3. e5 Nd5 4. Nf3 d6 5. Bb5+ Bd7 6. Bc4 e6 7. O-O Bc6 8. d4 Nd7 9. Bb3 cxd4 10. exd6 Bxd6 11. Nxd4 Qc7 12. h3 O-O 13. Nxc6 bxc6 14. Nd2 Rfd8 15. Nf3 Bf4 16. Qe2 a5 17. c4 Nb4 18. Bc2 Nc5 19. a3 Nxc2 20. Qxc2 a4 21. g3 Bxc1 22. Raxc1 e5 23. Ng5 g6 24. Rcd1 Nb3 25. Nf3 c5 26. Qe4 Nd4 27. Kg2 Rab8 28. Rfe1 f6 29. Rd2 Qb7 30. Qxb7 Rxb7 31. h4 Kf7 32. Re3 Rdb8 33. Ne1 Rxb2 34. Rxb2 Rxb2 35. Nd3 Rc2 36. Nxc5 Rxc4 37. Ne4 Nf5 38. Re2 Ke6 39. f3 Nd4 40. Rb2 Nb3 41. g4 h6 42. Re2 h5 43. gxh5 gxh5 44. Kh3 Nc5 45. Ng3 Rc3 46. Kg2 Rxa3 47. Nxh5 Rb3 48. Nf4+ Kf7 49. Rc2 Rb5 50. Ne2 a3 51. Kg3 Ne6 52. Rc3 Ra5 53. Rc1 Nd4 54. Nxd4 exd4 55. Kf4 a2 56. Ra1 Ra3 57. Ke4 d3 58. Ke3 Kg6 0-1

[Event "3th Serbian Open 2023"]
[Site "Hotel Metropol, Serbia"]
[Date "2023.07.20"]
[Round "5.9"]
[White "Pranesh, M."]
[Black "Aaron, Deepak"]
[Result "1-0"]
[WhiteElo "2507"]
[BlackElo "2305"]
[PlyCount "125"]
[EventDate "2023.??.??"]

1. e4 e5 2. Nf3 Nc6 3. Bb5 a6 4. Ba4 Nf6 5. O-O b5 6. Bb3 Bb7 7. Nc3 Bd6 8. a3 O-O 9. d3 Nd4 10. Ba2 Ne6 11. Ne2 c5 12. Ng3 Rc8 13. Re1 Bb8 14. c4 Re8 15. Bd2 Qb6 16. Rb1 bxc4 17. Bxc4 Nd4 18. b4 d5 19. exd5 Bxd5 20. Bxd5 Nxd5 21. bxc5 Qxc5 22. Nxd4 Qxd4 23. Nf5 Qc5 24. Qf3 Qc6 25. Rec1 Qe6 26. Rxc8 Rxc8 27. Qxd5 Qxf5 28. Qb7 Bd6 29. Qxa6 Bc5 30. Be1 Rd8 31. Rc1 Bf8 32. h3 h6 33. Kf1 Qf4 34. Rc8 Qd4 35. Bc3 Qd7 36. Rxd8 Qxd8 37. Bxe5 Qd5 38. Bf4 Qb3 39. g4 Bxa3 40. Qa8+ Kh7 41. Qe4+ g6 42. Kg2 Qe6 43. Kf3 Qf6 44. Kg2 Bb2 45. Be3 Qe6 46. Qb7 Bg7 47. d4 f5 48. gxf5 gxf5 49. Qf3 Kg6 50. d5 Qe4 51. Qxe4 fxe4 52. Kg3 Be5+ 53. Bf4 Kf5 54. Bxe5 Kxe5 55. h4 h5 56. d6 Kxd6 57. Kf4 Kd5 58. Kg5 Ke5 59. Kxh5 Kf5 60. Kh6 Kg4 61. Kg6 Kf3 62. Kf5 Kxf2 63. Kxe4 1-0

[Event "3th Serbian Open 2023"]
[Site "Hotel Metropol, Serbia"]
[Date "2023.07.20"]
[Round "5.10"]
[White "Vatsal, Singhania"]
[Black "Maksimovic, Bojan"]
[Result "1-0"]
[WhiteElo "2227"]
[BlackElo "2482"]
[PlyCount "129"]
[EventDate "2023.??.??"]

1. e4 c5 2. Nf3 Nc6 3. d4 cxd4 4. Nxd4 e5 5. Nb5 d6 6. N1c3 a6 7. Na3 Be7 8. Nc4 b5 9. Ne3 Nf6 10. g3 h5 11. h3 Be6 12. Bg2 Rc8 13. Ncd5 h4 14. g4 O-O 15. c3 Nh7 16. Nf5 Bg5 17. Bxg5 Qxg5 18. Nxd6 Rb8 19. Nf5 b4 20. c4 g6 21. Nfe3 a5 22. O-O Rfc8 23. b3 Nf8 24. Nc2 Nd7 25. Ne1 Kg7 26. Nf3 Qd8 27. Qd2 a4 28. Rfd1 Rb7 29. Qe3 Ra8 30. Rab1 axb3 31. axb3 Qh8 32. Ra1 Ra3 33. Rxa3 bxa3 34. Ra1 Qa8 35. b4 Nxb4 36. Rxa3 Qb8 37. Rc3 Qd8 38. Rc1 Na2 39. Rd1 Qc8 40. Bf1 Qc5 41. Qg5 f6 42. Nxf6 Nxf6 43. Nxh4 Qxf2+ 44. Kh1 Nc3 45. Qxg6+ Kf8 46. Nf5 Qf3+ 47. Kg1 Nxd1 48. Qxf6+ Bf7 49. Qg7+ Ke8 50. Qxe5+ Kf8 51. Qg7+ Ke8 52. Qh8+ Kd7 53. Qd4+ Kc8 54. Bg2 Qb3 55. Nd6+ Kb8 56. Nxb7 Nc3 57. Qd6+ Kxb7 58. e5+ Ka7 59. Qc7+ Ka6 60. Qxf7 Qd1+ 61. Kh2 Qe1 62. Qc7 Qb1 63. Qb7+ Qxb7 64. Bxb7+ Kxb7 65. g5 1-0

[Event "3th Serbian Open 2023"]
[Site "Hotel Metropol, Serbia"]
[Date "2023.07.20"]
[Round "5.11"]
[White "Bronstein, Or"]
[Black "Spasic, Petar"]
[Result "1-0"]
[WhiteElo "2448"]
[BlackElo "2303"]
[PlyCount "94"]
[EventDate "2023.??.??"]

1. d4 Nf6 2. c4 c5 3. d5 b5 4. cxb5 a6 5. bxa6 e6 6. Nc3 exd5 7. Nxd5 Rxa6 8. Nf3 Bb7 9. Nc3 d5 10. e3 Rb6 11. Bb5+ Nbd7 12. a4 Be7 13. O-O O-O 14. b3 Rd6 15. Ba3 Ne4 16. Rc1 f5 17. b4 c4 18. Bxd7 Rxd7 19. Nd4 Qb6 20. a5 Qh6 21. f4 g5 22. Nxe4 fxe4 23. Qg4 Bc8 24. fxg5 Qg6 25. Rxf8+ Bxf8 26. Rf1 Rc7 27. Qf4 Bd6 28. Qf6 Qxf6 29. Rxf6 Rd7 30. Nf5 Bf8 31. Rxf8+ Kxf8 32. b5+ Kf7 33. Nd6+ Rxd6 34. Bxd6 Ke6 35. Bc5 Bd7 36. b6 Bc8 37. g4 Kd7 38. Bd4 Kc6 39. h4 Bxg4 40. a6 c3 41. b7 c2 42. Bb2 Kc7 43. Kf2 d4 44. exd4 e3+ 45. Kxe3 Be6 46. d5 Bxd5 47. Be5+ Kd7 1-0

[Event "3th Serbian Open 2023"]
[Site "Hotel Metropol, Serbia"]
[Date "2023.07.20"]
[Round "5.12"]
[White "Neelash, Saha"]
[Black "Pavlov, Mark"]
[Result "1/2-1/2"]
[WhiteElo "2429"]
[BlackElo "2286"]
[PlyCount "61"]
[EventDate "2023.??.??"]

1. e4 e6 2. d4 d5 3. e5 c5 4. c3 Nc6 5. Nf3 Bd7 6. Be2 f6 7. O-O fxe5 8. dxe5 Qc7 9. Re1 O-O-O 10. Bf4 h6 11. h4 Nge7 12. Na3 a6 13. Qd2 Rg8 14. b4 cxb4 15. cxb4 Ng6 16. Nc2 Nxf4 17. Qxf4 g5 18. hxg5 hxg5 19. Qg4 Nxe5 20. Nxe5 Qxe5 21. Bb5 Qf5 22. Bxd7+ Rxd7 23. Qxf5 exf5 24. Re8+ Rd8 25. Rxd8+ Kxd8 26. Rd1 f4 27. Rxd5+ Kc7 28. b5 axb5 29. Nd4 Be7 30. Rxb5 Ra8 31. Rb2 1/2-1/2

[Event "3th Serbian Open 2023"]
[Site "Hotel Metropol, Serbia"]
[Date "2023.07.20"]
[Round "5.13"]
[White "Urazayev, Arystanbek"]
[Black "Vignesh, B."]
[Result "1-0"]
[WhiteElo "2427"]
[BlackElo "2197"]
[PlyCount "89"]
[EventDate "2023.??.??"]

1. e4 e5 2. Nf3 Nc6 3. Bb5 a6 4. Ba4 Nf6 5. O-O Be7 6. Re1 b5 7. Bb3 d6 8. a4 Bb7 9. d3 O-O 10. Nbd2 Re8 11. Nf1 Bf8 12. Bg5 h6 13. Bh4 g6 14. Ne3 Bg7 15. Nd5 Na5 16. Ba2 g5 17. Nxf6+ Bxf6 18. Bg3 c5 19. Nd2 Bg7 20. Nf1 Bc8 21. Bd5 Ra7 22. axb5 axb5 23. Ne3 Be6 24. Qf3 Qb6 25. h4 Qd8 26. hxg5 Qxg5 27. Nf5 Bf8 28. c3 Bxd5 29. exd5 Raa8 30. Re4 h5 31. Rh4 Nb3 32. Rd1 Ra4 33. c4 Rea8 34. Rxh5 Qg6 35. Rh6 Qg5 36. Rh4 Ra1 37. Rg4 Qg6 38. Rxg6+ fxg6 39. Ne3 Bh6 40. Rxa1 Rxa1+ 41. Kh2 Nd2 42. Qf6 Bxe3 43. Qxg6+ Kh8 44. fxe3 Ra7 45. Be1 1-0

[Event "3th Serbian Open 2023"]
[Site "Hotel Metropol, Serbia"]
[Date "2023.07.20"]
[Round "5.14"]
[White "Yordanov, Lachezar"]
[Black "Tsvetkov, Andrey"]
[Result "0-1"]
[WhiteElo "2288"]
[BlackElo "2412"]
[PlyCount "134"]
[EventDate "2023.??.??"]

1. c4 e6 2. g3 d5 3. Bg2 Nf6 4. Nf3 dxc4 5. Qa4+ Bd7 6. Qxc4 c5 7. Ne5 Qc7 8. Nxd7 Nbxd7 9. O-O Bd6 10. Qc2 h5 11. Na3 Rb8 12. Nb5 Qb6 13. Nxd6+ Qxd6 14. Rd1 O-O 15. b3 b5 16. Bb2 Rfc8 17. a4 a6 18. axb5 axb5 19. d3 Qb6 20. Qc3 Rc7 21. Rdc1 c4 22. bxc4 bxc4 23. Rab1 Nc5 24. Qxc4 Na6 25. Qa2 Rxc1+ 26. Rxc1 Qxb2 27. Rc8+ Kh7 28. Qxa6 Rxc8 29. Qxc8 Qxe2 30. Qc4 Qe1+ 31. Bf1 g6 32. Qf4 Kg7 33. h3 Nd5 34. Qd4+ Kg8 35. Qe4 Qd2 36. Qe5 Qb4 37. d4 Qb1 38. Kg2 Ne7 39. Be2 Qb2 40. Bc4 Nc6 41. Qf6 Qxd4 42. Qxd4 Nxd4 43. f4 Kg7 44. Kf2 Kf6 45. Ke3 Nf5+ 46. Kf3 Nd6 47. Ba2 Nb7 48. Bb1 Nd6 49. Ba2 Kg7 50. Bb3 Kh6 51. Ba2 h4 52. g4 g5 53. Bb3 Kg6 54. Bc2+ Kf6 55. Bb3 Nb5 56. fxg5+ Kxg5 57. Ke4 Nc3+ 58. Ke5 Ne2 59. Bc4 Ng1 60. Bf1 Nf3+ 61. Kd6 Kf4 62. Ke7 Ng5 63. Kf6 e5 64. Be2 e4 65. Bf1 e3 66. Be2 Nxh3 67. Kxf7 Ng5+ 0-1

[Event "3th Serbian Open 2023"]
[Site "Hotel Metropol, Serbia"]
[Date "2023.07.20"]
[Round "5.15"]
[White "Omorjan, Dejan"]
[Black "Bhattacharyya, Soham"]
[Result "1/2-1/2"]
[WhiteElo "2314"]
[BlackElo "2146"]
[PlyCount "104"]
[EventDate "2023.??.??"]

1. d4 Nf6 2. c4 g6 3. Nc3 Bg7 4. e4 d6 5. Be2 O-O 6. Be3 Nbd7 7. Nf3 e5 8. O-O Qe7 9. Qc2 c6 10. d5 c5 11. Bg5 h6 12. Bd2 Nh7 13. Kh1 f5 14. exf5 gxf5 15. g3 e4 16. Nh4 Ne5 17. f4 exf3 18. Nxf3 Nxf3 19. Bxf3 Ng5 20. Rae1 Be5 21. Bg2 Qg7 22. b3 Bd7 23. Ne2 Rae8 24. Nf4 b5 25. Nd3 Bd4 26. Bf4 Ne4 27. Re2 Re7 28. Bf3 Qg6 29. Rg2 Ng5 30. Bd1 Nf7 31. Qc1 Kh7 32. Bd2 Qg7 33. Bc2 Kh8 34. Ne1 Ng5 35. Nf3 Bb2 36. Qd1 Ne4 37. Bf4 Bf6 38. Qc1 Kh7 39. Nd2 Bb2 40. Qb1 Nxd2 41. Bxd2 Bc3 42. g4 Bxd2 43. gxf5 Qf6 44. Rxd2 Re5 45. Rg2 Kh8 46. Rg6 Qh4 47. Qc1 Rf6 48. Qd2 Be8 49. Rxf6 Qxf6 50. Rg1 Bh5 51. Qg2 Bf7 52. Be4 Re8 1/2-1/2

[Event "3th Serbian Open 2023"]
[Site "Hotel Metropol, Serbia"]
[Date "2023.07.20"]
[Round "5.16"]
[White "Martic, Ivan"]
[Black "Priyanka, K."]
[Result "0-1"]
[WhiteElo "2301"]
[BlackElo "2143"]
[PlyCount "72"]
[EventDate "2023.??.??"]

1. e4 e5 2. Nf3 Nc6 3. Bc4 Nf6 4. d3 Bc5 5. c3 a6 6. a4 d6 7. O-O Ba7 8. Re1 h6 9. b4 O-O 10. h3 Re8 11. Nbd2 Be6 12. Bxe6 Rxe6 13. Bb2 d5 14. b5 Ne7 15. exd5 Qxd5 16. c4 Qxd3 17. Ra3 Qf5 18. Bxe5 Rd8 19. Rb3 Ng6 20. Bg3 Ne4 21. Rxe4 Rxe4 22. Qb1 Rf4 23. Qxf5 Rxf5 24. Bxc7 Bxf2+ 25. Kh2 Rd7 26. b6 Nh4 27. Ne4 Nxf3+ 28. Rxf3 Rxf3 29. gxf3 Bd4 30. Kg2 f5 31. Ng3 g6 32. Ne2 Bc5 33. Nf4 Rd2+ 34. Kf1 Kf7 35. Ke1 Rd4 36. Ke2 Bxb6 0-1

[Event "3th Serbian Open 2023"]
[Site "Hotel Metropol, Serbia"]
[Date "2023.07.20"]
[Round "5.17"]
[White "Kim, Andrey"]
[Black "Cervantes Landeiro, Thalia"]
[Result "0-1"]
[WhiteElo "2093"]
[BlackElo "2291"]
[PlyCount "92"]
[EventDate "2023.??.??"]

1. d4 Nf6 2. c4 g6 3. Nc3 d5 4. cxd5 Nxd5 5. e4 Nxc3 6. bxc3 Bg7 7. Nf3 c5 8. Bb5+ Nd7 9. O-O O-O 10. Re1 a6 11. Bf1 b5 12. a4 cxd4 13. cxd4 b4 14. a5 Nb8 15. h3 Nc6 16. Bb2 Bd7 17. Qd2 Rb8 18. d5 Bf6 19. Bd4 Bxd4 20. Qc2 Bb2 21. Qxb2 Nxa5 22. Bxa6 Qb6 23. Ne5 Rfd8 24. Bd3 Be8 25. Ng4 h5 26. Ne3 Bb5 27. Bxb5 Qxb5 28. Qe5 Rb7 29. Qg5 Nc4 30. Nf5 Qe8 31. Rac1 Nd6 32. Nd4 b3 33. Rb1 b2 34. Nc6 Ra8 35. Qe5 Ra2 36. Qd4 Qa8 37. Qc5 Ra1 38. Nxe7+ Rxe7 39. Qxd6 Rxe4 40. Rf1 Rxb1 41. Rxb1 Qa1 42. Qb8+ Kh7 43. Qxb2 Re1+ 44. Rxe1 Qxb2 45. d6 Qd2 46. Re7 Qd1+ 0-1

[Event "3th Serbian Open 2023"]
[Site "Hotel Metropol, Serbia"]
[Date "2023.07.20"]
[Round "5.18"]
[White "Yalcinkaya, Efe"]
[Black "Averin, Nikolay"]
[Result "1-0"]
[WhiteElo "1907"]
[BlackElo "2276"]
[PlyCount "77"]
[EventDate "2023.??.??"]

1. e4 c5 2. Nf3 d6 3. d4 cxd4 4. Nxd4 Nf6 5. Nc3 a6 6. h3 e5 7. Nde2 h5 8. Bg5 Be6 9. Bxf6 Qxf6 10. Nd5 Qd8 11. Qd3 Nd7 12. O-O-O g6 13. Kb1 Nc5 14. Qf3 Bg7 15. Nec3 b5 16. Be2 O-O 17. Ne3 Bh6 18. Ncd5 Rb8 19. Rhg1 Bg5 20. g3 Bxh3 21. Qh1 Bxe3 22. Qxh3 Bh6 23. Bd3 Kg7 24. f4 Nd7 25. g4 hxg4 26. Rxg4 Bxf4 27. Rh4 Nf6 28. Rh1 Nxd5 29. Rh7+ Kf6 30. exd5 Qc8 31. Qh4+ g5 32. Qh6+ Ke7 33. Bg6 e4 34. Bxf7 Rxf7 35. Qg6 Qg8 36. Qe6+ Kf8 37. Rxf7+ Qxf7 38. Rh8+ Kg7 39. Qh6# 1-0

[Event "3th Serbian Open 2023"]
[Site "Hotel Metropol, Serbia"]
[Date "2023.07.20"]
[Round "5.19"]
[White "Kupervaser, Erez"]
[Black "Poorna, Sri M.K"]
[Result "1-0"]
[WhiteElo "2262"]
[BlackElo "1736"]
[PlyCount "83"]
[EventDate "2023.??.??"]

1. e4 c5 2. Nc3 d6 3. d4 cxd4 4. Qxd4 Nc6 5. Qd2 g6 6. b3 Bh6 7. f4 e5 8. Nb5 Bxf4 9. Qxd6 Qxd6 10. Nxd6+ Kf8 11. Ba3 Nge7 12. Nf3 Kg7 13. Bc4 Rf8 14. Rd1 a6 15. Nxc8 Rfxc8 16. g3 Be3 17. Bxe7 Nxe7 18. Rd7 b5 19. Rxe7 bxc4 20. Ke2 cxb3 21. axb3 Bc5 22. Rd7 Kf6 23. Rd5 Bb4 24. c4 Rc5 25. Rhd1 Rxd5 26. Rxd5 Bc3 27. Kd3 Bb2 28. c5 Ke6 29. Kc4 f6 30. Rd6+ Ke7 31. Rb6 f5 32. exf5 gxf5 33. Nh4 Rf8 34. Kd5 Rd8+ 35. Rd6 Rf8 36. Rxa6 f4 37. Ra7+ Kf6 38. c6 Rd8+ 39. Rd7 fxg3 40. Rxd8 gxh2 41. Rf8+ Kg5 42. Nf3+ 1-0

[Event "3th Serbian Open 2023"]
[Site "Hotel Metropol, Serbia"]
[Date "2023.07.20"]
[Round "5.20"]
[White "Cardoso Cardoso, Jose Gabriel"]
[Black "Srdanovic, Jovana"]
[Result "1-0"]
[WhiteElo "2480"]
[BlackElo "2032"]
[PlyCount "139"]
[EventDate "2023.??.??"]

1. e4 c5 2. Nf3 Nf6 3. e5 Nd5 4. Nc3 Nxc3 5. dxc3 Nc6 6. Bc4 e6 7. Bf4 Qc7 8. Qd2 b6 9. O-O-O h6 10. h4 Bb7 11. Qd3 a6 12. Qe2 Ne7 13. Bd3 b5 14. Be4 Nd5 15. Bg3 Qa5 16. Kb1 c4 17. Bxd5 Bxd5 18. Rxd5 exd5 19. a3 Bxa3 20. bxa3 Qxa3 21. Bf4 b4 22. Bc1 Qa4 23. cxb4 a5 24. b5 Qxb5+ 25. Ka2 O-O 26. Ba3 Qa4 27. Nd4 c3 28. Qd3 Rfc8 29. Nb3 Qf4 30. Qd4 Qf5 31. Rc1 a4 32. Nc5 h5 33. f3 Re8 34. Nd3 Rac8 35. Qxd5 Rc6 36. Rg1 Rb8 37. g4 hxg4 38. fxg4 Qe6 39. Qxe6 dxe6 40. h5 Rc4 41. Rg2 Re4 42. g5 Rh4 43. h6 Rb5 44. Be7 Rh1 45. Bb4 gxh6 46. gxh6+ Kh7 47. Bxc3 Rxh6 48. Ka3 Rb1 49. Kxa4 Rh4+ 50. Ka3 Rc4 51. Bb4 Rc8 52. Ka2 Rh1 53. Kb2 Rd1 54. Rg3 Kh6 55. c3 Rd8 56. Kc2 Ra1 57. Be7 Rb8 58. Nf4 Rh1 59. Bf6 Rc8 60. Kd3 Rd1+ 61. Ke2 Rh1 62. Rd3 Kh7 63. Ke3 Re1+ 64. Kd4 Rh1 65. c4 Kg8 66. Be7 Rc1 67. Rg3+ Kh7 68. Rh3+ Kg8 69. Bf6 R8xc4+ 70. Ke3 1-0

[Event "3th Serbian Open 2023"]
[Site "Hotel Metropol, Serbia"]
[Date "2023.07.20"]
[Round "5.21"]
[White "Nenezic, Marko"]
[Black "Mitev, Valentin"]
[Result "1-0"]
[WhiteElo "2514"]
[BlackElo "2252"]
[PlyCount "121"]
[EventDate "2023.??.??"]

1. d4 d5 2. c4 e6 3. Nf3 a6 4. e3 dxc4 5. Bxc4 b5 6. Bd3 Bb7 7. O-O Nf6 8. Qe2 c5 9. a4 b4 10. dxc5 Bxc5 11. e4 Nc6 12. Nbd2 Nd4 13. Nxd4 Bxd4 14. Nb3 Bb6 15. a5 Ba7 16. Bg5 Qd6 17. Kh1 h6 18. Bh4 g5 19. Rad1 O-O 20. Bg3 e5 21. Nd2 Qe7 22. Nf3 Bb8 23. Nd2 Ba7 24. Nc4 Bd4 25. Ne3 Bxe3 26. Qxe3 Nh5 27. Bc4 Rfd8 28. Qb6 Rdc8 29. Qg6+ Ng7 30. Qxf7+ Qxf7 31. Bxf7+ Kxf7 32. Rd7+ Kf6 33. Rxb7 Rab8 34. Rxg7 Kxg7 35. Bxe5+ Kf7 36. Bxb8 Rxb8 37. Rc1 Rb5 38. Rc7+ Kg8 39. h4 Rxa5 40. Rb7 Ra1+ 41. Kh2 a5 42. hxg5 hxg5 43. Rb5 Kf7 44. Rxg5 b3 45. Rb5 a4 46. f4 Ra2 47. Rb4 Ke6 48. Kg3 Kd6 49. f5 Kc5 50. f6 Kxb4 51. f7 Rxb2 52. f8=Q+ Kc4 53. Qf7+ Kc3 54. Qf6+ Kc2 55. Qc6+ Kd3 56. Qxa4 Rb1 57. e5 Kc2 58. Qe4+ Kc1 59. e6 b2 60. e7 Ra1 61. e8=Q 1-0

[Event "3th Serbian Open 2023"]
[Site "Hotel Metropol, Serbia"]
[Date "2023.07.20"]
[Round "5.22"]
[White "Subelj, Jan"]
[Black "Tulchynskyi, Feliks"]
[Result "1-0"]
[WhiteElo "2513"]
[BlackElo "2248"]
[PlyCount "101"]
[EventDate "2023.??.??"]

1. c4 e6 2. Nf3 d5 3. g3 dxc4 4. Qa4+ Nd7 5. Qxc4 a6 6. Bg2 b5 7. Qc2 Bb7 8. O-O Ngf6 9. d3 c5 10. Nc3 Be7 11. a4 Qb6 12. Qb3 b4 13. a5 Qc7 14. Nb1 O-O 15. Nbd2 Bd5 16. Nc4 Qb7 17. Qc2 Rfd8 18. Bf4 Ne8 19. e4 Bc6 20. Rac1 Nc7 21. Bd6 Bf8 22. Bxf8 Rxf8 23. Nce5 b3 24. Qc4 Nb5 25. Nxd7 Bxd7 26. Qxc5 Rfd8 27. Qb4 Rab8 28. Qxb3 Nd4 29. Qxb7 Nxf3+ 30. Bxf3 Rxb7 31. Rc2 Bb5 32. Rc3 e5 33. Be2 f6 34. f4 Ba4 35. fxe5 Rxb2 36. Bg4 fxe5 37. Be6+ Kh8 38. Rc8 Rb8 39. Rxd8+ Rxd8 40. Bc4 Bb5 41. Bxb5 axb5 42. Rb1 Rxd3 43. Rxb5 Kg8 44. Rxe5 Rd2 45. a6 Ra2 46. Re8+ Kf7 47. Ra8 Rc2 48. a7 Ra2 49. e5 h5 50. e6+ Ke7 51. Rg8 1-0

[Event "3th Serbian Open 2023"]
[Site "Hotel Metropol, Serbia"]
[Date "2023.07.20"]
[Round "5.23"]
[White "Radovanovic, Nikola"]
[Black "Kurmangaliyeva, Liya"]
[Result "1/2-1/2"]
[WhiteElo "2439"]
[BlackElo "2225"]
[PlyCount "119"]
[EventDate "2023.??.??"]

1. d4 d5 2. c4 c6 3. Nf3 Nf6 4. Nbd2 e6 5. g3 Nbd7 6. Bg2 Bd6 7. O-O O-O 8. Qc2 Re8 9. b3 Qe7 10. e4 dxe4 11. Nxe4 Nxe4 12. Qxe4 h6 13. a4 e5 14. Bb2 Nf6 15. Qh4 e4 16. Ne5 c5 17. f4 cxd4 18. Bxd4 Bc5 19. Bxc5 Qxc5+ 20. Kh1 b6 21. a5 bxa5 22. g4 Bb7 23. Qe1 Qc8 24. h3 Nd7 25. Nxd7 Qxd7 26. Qe3 Qc7 27. Rfd1 Re6 28. Rd2 Bc6 29. f5 Re5 30. Rf1 Qb6 31. Qg3 Rae8 32. Rd6 Qc5 33. Rfd1 Bb7 34. Rd7 Bc6 35. R7d6 Bb7 36. Rd7 Bc6 37. R7d6 f6 38. h4 R5e7 39. g5 hxg5 40. hxg5 fxg5 41. Qxg5 Bb7 42. Qg6 Qe5 43. f6 Rf7 44. Rd8 Bc6 45. R1d6 Rxf6 46. Rxf6 Rxd8 47. Qf7+ Kh7 48. Rxc6 Rd1+ 49. Bf1 Qg5 50. Qf2 Qh5+ 51. Kg1 e3 52. Qxe3 Rxf1+ 53. Kxf1 Qh1+ 54. Kf2 Qxc6 55. Qxa7 Qf6+ 56. Kg2 Qb2+ 57. Kh1 Qxb3 58. Qxa5 Qxc4 59. Qh5+ Kg8 60. Qe8+ 1/2-1/2